The new writing with a purpose. / (Record no. 2166)
[ view plain ]
| 000 -LEADER | |
|---|---|
| fixed length control field | 01242nam a22001817a 4500 |
| 008 - FIXED-LENGTH DATA ELEMENTS--GENERAL INFORMATION | |
| fixed length control field | 120824t xxu||||| |||| 00| 0 eng d |
| 020 ## - INTERNATIONAL STANDARD BOOK NUMBER | |
| International Standard Book Number | 061831847X |
| 050 ## - LIBRARY OF CONGRESS CALL NUMBER | |
| Classification number | PE1408.T73 |
| 100 ## - MAIN ENTRY--PERSONAL NAME | |
| Personal name | Trimmer, Joseph F. |
| 245 ## - TITLE STATEMENT | |
| Title | The new writing with a purpose. / |
| Statement of responsibility, etc. | Joseph F. Trimmer |
| 250 ## - EDITION STATEMENT | |
| Edition statement | 14th ed. |
| 260 ## - PUBLICATION, DISTRIBUTION, ETC. | |
| Place of publication, distribution, etc. | New York: |
| Name of publisher, distributor, etc. | Houghton Mifflin Company, |
| Date of publication, distribution, etc. | c2004. |
| 300 ## - PHYSICAL DESCRIPTION | |
| Extent | xix, 597 p.: |
| Other physical details | ill.; |
| Dimensions | 24cm. |
| 500 ## - GENERAL NOTE | |
| General note | Includes index. |
| 505 ## - FORMATTED CONTENTS NOTE | |
| Formatted contents note | Contents: The Writing process: Toward purposeful writing -- Planning -- Drafting -- Revising -- Designing -- Writing structures: Common methods of development -- Argument -- Paragraphs: units of development -- Sentences: patterns of expression -- Diction: the choice of words -- Tone and style -- Writing research: Planning the research paper -- Writing the research paper -- Readings with a purpose: writing strategies -- Handbook of grammar and usage: The Evolution of English -- Understanding sentence elements -- Writing logical and effective sentences -- Writing grammatical sentences -- Choosing effective diction -- Observing the rules of punctuation -- Observing the rules of mechanics -- A Glossary of contemporary usage. |
| 650 ## - SUBJECT ADDED ENTRY--TOPICAL TERM | |
| Topical term following geographic name entry element | English language |
| General subdivision | Rhetoric. |
| 942 ## - ADDED ENTRY ELEMENTS (KOHA) | |
| Source of classification or shelving scheme | Library of Congress Classification |
| Koha item type | Books |
| Withdrawn status | Lost status | Source of classification or shelving scheme | Damaged status | Not for loan | Home library | Current library | Shelving location | Date acquired | Total Checkouts | Full call number | Barcode | Date last seen | Copy number | Price effective from | Koha item type |
|---|---|---|---|---|---|---|---|---|---|---|---|---|---|---|---|
| Library of Congress Classification | WISCONSIN INTERNATIONAL UNIVERSITY COLLEGE, GHANA - MAIN LIBRARY | WISCONSIN INTERNATIONAL UNIVERSITY COLLEGE, GHANA - MAIN LIBRARY | General Stacks | 24/08/2012 | PE1408.T73 | 4461/12 | 24/08/2012 | 1 | 24/08/2012 | Books | |||||
| Library of Congress Classification | WISCONSIN INTERNATIONAL UNIVERSITY COLLEGE, GHANA - MAIN LIBRARY | WISCONSIN INTERNATIONAL UNIVERSITY COLLEGE, GHANA - MAIN LIBRARY | General Stacks | 24/08/2012 | PE1408.T731 | 4462/12 | 24/08/2012 | 2 | 24/08/2012 | Books |
